Caballos lentos / (Record no. 196301)

MARC details
000 -LEADER
campo de control de longitud fija 01978nam a2200421 i 4500
001 - NÚMERO DE CONTROL
campo de control 196301
003 - IDENTIFICADOR DE NÚMERO DE CONTROL
campo de control ES-MaACL
005 - FECHA Y HORA DE LA ÚLTIMA TRANSACCIÓN
campo de control 20250804062711.0
008 - DATOS DE LONGITUD FIJA--INFORMACIÓN GENERAL
campo de control de longitud fija 240906s2018 sp | |||| 000 f spa
015 ## - NÚMERO DE BIBLIOGRAFÍA NACIONAL
Número de bibliografía nacional MON18
017 ## - NÚMERO DE COPYRIGHT O DE DEPÓSITO LEGAL
Número de copyright o de depósito legal B 17112-2018
Agencia que asigna Oficina Depósito Legal Barcelona
020 ## - NÚMERO INTERNACIONAL ESTÁNDAR DEL LIBRO
Número Internacional Estándar del Libro 9788416237289
035 ## - NÚMERO DE CONTROL DEL SISTEMA
Número de control de sistema (OCoLC)1142904232
035 ## - NÚMERO DE CONTROL DEL SISTEMA
Número de control de sistema (SpMaBN)a6363593
040 ## - FUENTE DE CATALOGACIÓN
Centro catalogador/agencia de origen SpMaBN
Lengua de catalogación spa
Centro/agencia transcriptor SpMaBN
Normas de descripción rda
Centro/agencia modificador ES-MaACL
080 ## - NÚMERO DE LA CLASIFICACIÓN DECIMAL UNIVERSAL
Número de la Clasificación Decimal Universal 821.111-31"19"
100 ## - ENTRADA PRINCIPAL--NOMBRE DE PERSONA
Nombre de persona Herron, Mick
9 (RLIN) 238648
Término indicativo de función/relación Autor
240 10 - TÍTULO UNIFORME
Título uniforme Slow Horses
Lenguaje de la obra Español
245 10 - MENCIÓN DEL TÍTULO
Título Caballos lentos /
Mención de responsabilidad, etc. Mick Herron ; traducción del inglés de Enrique de Hériz
250 ## - MENCION DE EDICION
Mención de edición 1ª edición, septiembre de 2018
264 #1 - PRODUCCIÓN, PUBLICACIÓN, DISTRIBUCIÓN, FABRICACIÓN Y COPYRIGHT
Producción, publicación, distribución, fabricación y copyright Barcelona :
Nombre del de productor, editor, distribuidor, fabricante Salamandra,
Fecha de producción, publicación, distribución, fabricación o copyright [2018]
300 ## - DESCRIPCIÓN FÍSICA
Extensión 380 páginas ;
Dimensiones 22 cm
336 ## - TIPO DE CONTENIDO
Término de tipo de contenido Texto
Fuente rdacontent
337 ## - TIPO DE MEDIO
Nombre/término del tipo de medio sin mediación
Fuente rdamedia
338 ## - TIPO DE SOPORTE
Nombre/término del tipo de soporte volumen
Fuente rdacarrier
490 1# - MENCIÓN DE SERIE
Mención de serie Jackson Lamb ;
Designación de volumen o secuencia 1
490 1# - MENCIÓN DE SERIE
Mención de serie Black Salamandra
520 ## - RESUMEN, ETC.
Sumario, etc. El reino del irreverente y sarcástico Jackson Lamb está en Londres y se llama Casa de la Ciénaga, un vertedero al que van a parar los miembros de los servicios secretos que han cometido un error, ya sea olvidar un documento en un tren, despistarse en una ronda de vigilancia o volverse poco fiables a causa del alcohol. Sus colegas los denominan «caballos lentos», son los parientes pobres del espionaje británico y todos comparten las ganas de salir de allí a cualquier precio y volver a la acción.
655 #0 - TERMINO DE INDIZACIÓN--GENERO/FORMA
Datos o término principal de género/forma Novelas
9 (RLIN) 234319
700 ## - ENTRADA AGREGADA--NOMBRE PERSONAL
Nombre de persona Hériz, Enrique de,
Fechas asociadas al nombre 1964-2019
Término indicativo de función/relación Traductor
9 (RLIN) 184320
852 ## - LOCALIZACIÓN
Ubicación ES-MaACL
Ubicación en estantería Depósito J
Número de control de estantería N-10121
Donativo/Legado Donación: José Lázaro García
Encuadernación Encuadernación rústica con solapas
itemnumber 206255
903 ## - NOMBRE PERSONAL DE DONANTE
9 234219
a Lázaro García, José
e Donante
942 ## - ELEMENTOS DE ENTRADA SECUNDARIOS (KOHA)
Tipo de ítem Koha Libro impreso
Suprimir en OPAC No
Holdings
Estatus retirado Estado de pérdida Fuente del sistema de clasificación o colocación Estado de daño No para préstamo Biblioteca de origen Biblioteca actual Ubicación en estantería Fecha de adquisición Fuente de adquisición Total de préstamos Signatura topográfica completa Código de barras Visto por última vez Precio de reemplazo Tipo de ítem Koha
    Clasificación decimal universal     Biblioteca del Ateneo de Madrid Biblioteca del Ateneo de Madrid Depósito J 18/07/2025 Donación   N-10121 2025-0640 18/07/2025 18/07/2025 Libro impreso